000
00261nam a22001217a 4500
020
_a
0-7214-0787-0
082
_a
823
_b
HUR/L
100
_a
HURT, MARY
245
_a
LOOKING AT ANIMALS
260
_a
UK
_b
LADY BIRD
650
_a
ENGLISH SHORT STORY
_z
UK
942
_c
BK
999
_c
2611
_d
2611